| 000 | 00616nam a2200229Ia 4500 | ||
|---|---|---|---|
| 003 | OSt | ||
| 005 | 20220928113647.0 | ||
| 006 | a|||||r|||| 00| 0 | ||
| 007 | ta | ||
| 008 | 220927b |||||||| |||| 00| 0 eng d | ||
| 024 | _a24559 | ||
| 037 | _cTextual | ||
| 040 |
_aSDCL _cSDCL _beng |
||
| 041 |
_2eng _aeng |
||
| 082 | _aO15,1K:g, P7 | ||
| 100 |
_aPandey Ramlakhan _9434336 |
||
| 245 | 0 | _aSattahavee shatabdee ke sanskrit mahakavya. | |
| 260 |
_aDelhi _bNag Publishers _c2007 |
||
| 300 |
_avii,267 _ccm. |
||
| 942 |
_hO15,1K:g, P7 _cTEXL _2CC |
||
| 999 |
_c750681 _d750681 |
||